000 01619nam a22002177a 4500
005 20211029093733.0
008 211027b ||||| |||| 00| 0 eng d
020 _a9781509878246
040 _cAl
041 _aEng
082 _223
_a813.54
_bSTED
100 _aDanielle Steel
_99254
245 _aDaddys girls
260 _aLondon
_bPan Books
_c2021
300 _a272p.
_bPB
_c20x13cm.
365 _aBLCR-000062
_b₹360.00
_c
_d₹450.00
_e20%
_f04-10-2021
520 _aIn Daddy's Girls, Danielle Steel’s thought-provoking novel, three sisters discover the truth about their past and the importance of their unique bond. Many years have passed since ranch hand JT Tucker took his three small daughters to start a new life, eventually building the largest ranch in California. But success comes at a price, and with no mother in their life, Tucker’s relationship with each of his very different daughters was complicated. Caroline, the youngest, was overlooked by her father. She fled the ranch as early as she could to become a wife and mother, pursuing a career writing children’s books. Gemma, his declared favourite, yearned for Hollywood glamour and became a major TV star. Kate, the eldest, stayed to work on the ranch, forsaking relationships and family for a father who took her for granted. When JT dies suddenly, the paper trail he leaves behind reveals more than the sisters could ever have guessed. The truth brings a new reality, helping them to understand who they really are and what they really want.
650 _aFiction
_91971
700 _aSTEEL (Danielle)
_91972
942 _2ddc
_cBK
999 _c216739
_d216739